000 00635nam a2200229 i 4500
001 C2-0139746
003 PPAK
005 20180727124933.0
008 971229s1979 my a|||| ||||| | may d
040 _aPPAK
_beng
_cPPAK
_erda
082 0 4 _a928.9923
_223
090 0 0 _a928.9923
_bZAI
_dKK
100 0 _aZain Ariff,
_eauthor
245 1 0 _aSecebis kenangan
264 1 _a[Kuala Lumpur] :
_b[Dewan Sastera] ,
_c[1979]
300 _a[23 pages] :
_billustrations ;
_c28 cm
336 _2rdacontent
_atext
337 _2rdamedia
_aunmediated
338 _2rdacarrier
_avolume
650 1 0 _aAutthors, Malay - Biography
942 _ddc
_cB
999 _c43787
_d43787